Classic readings in sociology / (Record no. 5432)

MARC details
000 -LEADER
fixed length control field 01405cam a2200193 a 4500
020 ## - INTERNATIONAL STANDARD BOOK NUMBER
ISBN 0534609759
020 ## - INTERNATIONAL STANDARD BOOK NUMBER
ISBN 9780534609757
050 00 - CALL NUMBER
Classification number HM585
Item number .C58
245 00 - TITLE
Title Classic readings in sociology /
Statement of responsibility, etc [edited by] Eve L. Howard.
250 ## - EDITION
Edition statement 3rd ed.
260 ## - PUBLICATION INFORMATION
Place of publication Belmont, CA :
Name of publisher Wadsworth/Thomson Learning,
Year of publication c2004.
300 ## - DESCRIPTION
Number of Pages viii, 115 p. ;
Dimensions 24 cm.
440 #4 - SERIES
SERIES The Wadsworth sociology reader series
500 ## - NOTES
General note Includes index.<br/>
505 ## - FORMATTED CONTENTS NOTE
Table of Content 1. The Promise of Sociology / C. Wright Mills --<br/>2. Invitation to Sociology / Peter L. Berger --<br/>3. Manifesto of the Communist Party / Karl Marx and Friedrich Engels --<br/>4. Body Ritual Among Nacirema / Horace Miner --<br/>5. Manifest and Latent Functions / Robert K. Merton --<br/>6. The Self / George Herbert Mead --<br/>7. The Presentation of Self / Erving Goffman --<br/>8. The Normality of Crime / Emile Durkheim --<br/>9. On Being Sane in Insane Places / D.L. Rosenhahn --<br/>10. The Uses of Poverty: The Poor Pay All / Herbert J. Gans --<br/>11. The Souls of Black Folks / W.E.B. Du Bois --<br/>12. Women and Economics / Charlotte Perkins Gilman --<br/>13. The Power Elite / C. Wright Mills --<br/>14. Savage Inequalities / Jonathan Kozol --<br/>15. Division of Labor / Emile Durkheim --<br/>16. The Protestant Ethic and the Spirit of Capitalism / Weber.<br/>Series Title: Wadsworth sociology reader series.
650 #0 - SUBJECTS
Topical Term Sociology.
700 1# - OTHER AUTHORS
Personal name Howard, Eve L.
942 ## - ADDED ENTRY ELEMENTS (KOHA)
Koha item type Books
Holdings
Withdrawn status Lost status Collection code Home library Current library Shelving location Date acquired Full call number Accession Number Koha item type
    Reference Methodist University Library Main Methodist University Library Main General Stacks   HM585 .C58 30346 Books
    Reference Methodist University Library Main Methodist University Library Main General Stacks   HM585 .C58 30382 Books
Copyright © 2026  MUG Library